000
00271nam a22001217a 4500
041
_a
ENG
100
_a
Zoerb.C.C
245
_a
Pressure Measuring Elements
260
_a
Canada
_b
Saskatchewan
_c
1999
300
_a
46
650
_a
Chemistry (40)
856
_u
Chemistry (40)
999
_c
3010
_d
3010